Επιτυχημένη αξιολόγηση προσωπικού : σε μια εβδομάδα

Saved in:
Bibliographic Details
Main Author: Kamp, Di
Other Authors: Ταουσάνης, Βαγγέλης
Format: Book
Language:Greek
Published: Αθήνα : Cmpupress, 1995
Subjects:
Tags: Add Tag
No Tags, Be the first to tag this record!

MARC

LEADER 00000nam a2200000 i 4500
001 1/37349
008 960926s1995 gre d
020 |a 960-306-123-9 
035 |l 10024659 
040 |a GR-MY-UA  |b gre  |e aacr 
041 0 |a gre 
082 0 |a 658.314 
100 1 |a Kamp, Di. 
245 1 0 |a Επιτυχημένη αξιολόγηση προσωπικού :  |b σε μια εβδομάδα /  |c Di Kamp ; Μετάφραση:Ταουσάνης Βαγγέλης 
260 |a Αθήνα :   |b Cmpupress,   |c 1995 
300 |a 88 σ. 
650 0 0 |a Personnel management. 
700 1 |a Ταουσάνης, Βαγγέλης. 
852 |a INST  |b CHIOS  |e 19960926  |h 658.314 KAM  |p 005200024867  |q 005200024867  |t BK  |y 0 
909 |a Χ  |b 045317